00931nam a2200205 a 450000500170000000800410001702000180005805000320007624500310010825000220013926000510016130000110021244000350022365000320025865000410029099900190033195201250035095201250047595201250060020140412111356.0051104s19uu xx 00 eng d a0-02-683878-8 aTR(GS 372.4bA1 L.1-B.2(RT) aReteach (orange), L.1-B.2. aTeacher's Edition aColumbus, Ohio :bSRA/McGraw-Hill Comp,c2000. a119 p. aSRA open court reading, Orange aReadingxStudy and teaching aEnglish languagexStudy and teaching c105411d105411 00104050aELbELcTRd2005-11-04eDonationl0oTR(GS 372.4 A1 L.1-B.2(RT)pE10086r2014-04-12 00:00:00w2014-04-12yBK 00104050aELbELcTRd2005-11-04eDonationl0oTR(GS 372.4 A1 L.1-B.2(RT)pE10087r2014-04-12 00:00:00w2014-04-12yBK 00104050aELbELcTRd2005-11-04eDonationl0oTR(GS 372.4 A1 L.1-B.2(RT)pE10088r2014-04-12 00:00:00w2014-04-12yBK